Music Quiz

Random Music or Bands Quiz

Bands by Antonym II Quiz Stats

 Plays Quiz Updated Jun 8, 2018

Score 0/24 Timer 06:00
0 Plays Today
Antonym Band % Correct
BrunettieBlondie
93.6%
The DiseaseThe Cure
92.3%
AA BottomZZ Top
88.8%
Private FriendPublic Enemy
86.2%
DimefrontNickelback
82.5%
Frontsidewalk GirlsBackstreet Boys
74.4%
Queens of NoelKings of Leon
73.9%
Expensive TreatCheap Trick
69%
HotworkColdplay
66%
Puppydog GuysPussycat Dolls
64.9%
Old ChaosNew Order
53%
The Gathering MossThe Rolling Stones
51.3%
Antonym Band % Correct
Yes BeliefNo Doubt
45.1%
PlasticoMetallica
42.7%
MinilifeMegadeth
41.9%
No StopOK Go
41.5%
Yankee DudesDixie Chicks
38.8%
The JonesesThe Smiths
38.4%
Small CityBig Country
35.9%
ApocalypseGenesis
26%
The Mechanical SistersThe Chemical Brothers
23.7%
Cocky CatModest Mouse
21.2%
Noon WaterMidnight Oil
15.5%
StonezStyx
9%

You're not logged in!

Compare scores with friends on all Sporcle quizzes.
OR
Log In

Sporcle TV

Today on Sporcle TV


Watch our educational content, quiz creation guides, and fun videos on Sporcle TV.

Show Comments

Extras

Top Quizzes Today


Score Distribution

Your Account Isn't Verified!

In order to create a playlist on Sporcle, you need to verify the email address you used during registration. Go to your Sporcle Settings to finish the process.

Report this User

Report this user for behavior that violates our Community Guidelines.

Details: